Vol. 4, № 27-52; La lumière électrique

Podrobná bibliografie
Parent link:La lumière électrique: journal universel d'electricite. Vol. 4, № 27-52.— , 1879-1914
Jazyk:francouzština
Vydáno: 1881
Médium: MixedMaterials Kniha
KOHA link:https://koha.lib.tpu.ru/cgi-bin/koha/opac-detail.pl?biblionumber=538922

MARC

LEADER 00000nam2a2200000 4500
001 538922
005 20231101114242.0
035 |a (RuTPU)RU\TPU\prd\228520 
035 |a RU\TPU\prd\228517 
090 |a 538922 
100 |a 20141218c1881 k y0frey50 ba 
101 0 |a fre 
102 |a FR 
200 0 |a Vol. 4, № 27-52 
210 |d 1881 
461 1 |0 (RuTPU)RU\TPU\prd\199  |t La lumière électrique  |o journal universel d'electricite  |v Vol. 4, № 27-52  |d 1879-1914 
801 0 |a RU  |b 63413507  |c 20010227  |g PSBO 
801 1 |a RU  |b 63413507  |c 20141218 
801 2 |a RU  |b 63413507  |c 20141218  |g RCR 
942 |c BK 
999 |a НТБ_ТПУ  |b НФ  |e -4/20140109  |p П-132  |u 156,00  |v 1  |x 4277